Norsk Tidsskrift for Misjonsvitenskap | MF Norwegian School of Theology, Religion and Society

Detalles Bibliográficos
Formato: Electrónico Revista
Lenguaje:English
Publicado: Cambridge University Press
Acceso en línea:Full text available on Research4Life (HINARI,AGORA,OARE,ARDI & GOALI)
LEADER 00791cas a2200181 a 4500
001 AALejournalResearch4Life006721
008 240902c9999 xx r poo 0 0eng d
022 |a 15046605 
022 |a 24641936 
040 |a BD-DhAAL  |c BD-DhAAL 
245 0 0 |h [electronic resource]  |a Norsk Tidsskrift for Misjonsvitenskap | MF Norwegian School of Theology, Religion and Society 
260 |b Cambridge University Press 
300 |a 1 online resource 
362 0 |a 2016 - current issue 
500 |a <strong>On-Campus Access Only (IP based access)</strong> 
506 |a Electronic access restricted to authorized BRAC University faculty, staff and students 
538 |a Mode of access: Internet 
856 4 0 |z Full text available on Research4Life (HINARI,AGORA,OARE,ARDI & GOALI)  |u https://journals.mf.no/ntm/index